Guidelines : development of national parks and protected areas for tourism
Αποθηκεύτηκε σε:
| Συλλογικό Έργο: | , |
|---|---|
| Μορφή: | Βιβλίο |
| Γλώσσα: | English |
| Δημοσίευση: |
Madrid :
IUCN,
c1992.
|
| Σειρά: | Tourism and the environment publication ;
13 Technical report series (United Nations Environment Programme. Industry & Environment Office) |
| Θέματα: | |
| Ετικέτες: |
Προσθήκη ετικέτας
Δεν υπάρχουν, Καταχωρήστε ετικέτα πρώτοι!
|
MARC
| LEADER | 00000cam a2200000 i 4500 | ||
|---|---|---|---|
| 001 | 1/59133 | ||
| 008 | 020228s1992 sp | ||| |||| ||eng|| | ||
| 020 | |a 9284400260 | ||
| 035 | |l 10000449 | ||
| 040 | |a GR-MyUa |b gre |e AACR2 | ||
| 041 | 0 | |a eng | |
| 082 | 7 | |a 338.4791 |2 (22) | |
| 110 | 2 | |a World Tourism Organization. | |
| 245 | 1 | 0 | |a Guidelines : |b development of national parks and protected areas for tourism / |c World Tourism Organization; United Nations Environment Programme. Terrestrial Ecosystems Branch. Industry and Environment Programme Activity Centre. |
| 260 | |a Madrid : |b IUCN, |c c1992. | ||
| 300 | |a ii, 53 σ. ; |c 30 εκ. | ||
| 490 | 1 | |a (Tourism and the environment publication ; |v 13) | |
| 490 | 1 | |a (Technical report series / United Nations Environment Programme. Industry & Environment Office) | |
| 504 | |a Περιλαμβάνει βιβλιογραφικές αναφορές. | ||
| 650 | 0 | |a Tourism |x Environmental aspects. | |
| 650 | 0 | |a National parks and reserves. | |
| 650 | 0 | |a Protected areas. | |
| 710 | 2 | |a United Nations Environment Programme. |b Terrestrial Ecosystems Branch. |b Industry and Environment Programme Activity Centre. | |
| 830 | 0 | |a Tourism and the environment publication ; |v 13 | |
| 830 | 0 | |a Technical report series (United Nations Environment Programme. Industry & Environment Office) | |
| 852 | |a INST |b CHIOS |e 20020228 |h 338.4791 WOR |p 005200020005 |q 005200020005 |t BK |y 0 | ||
| 852 | |a INST |b CHIOS |e 20050908 |h 338.4791 WOR |p 005200024764 |q 005200024764 |t BK |y 0 | ||
| 901 | |a BIBL2-2002-1 | ||
| 901 | |a BIBL2-2005-3 | ||
| 920 | |a Σύνδεσμος Ελληνικών Τουριστικών Επιχειρήσεων (Σ.Ε.Τ.Ε.) |y Χίος |z 2000-12 | ||
| 920 | |a Διατμηματικό "Σχεδιασμός, Διοίκηση και Πολιτική του Τουρισμού" |y Χίος |z 1995-10 | ||
| 970 | |a Σαλαμούρα |b Μαρία |z 28/02/2002 | ||